[Event "SBDU BEM 2008"]
[Site "Wohndorf Laar"]
[Date "2008.09.05"]
[Round "1.1"]
[White "Visser, Dirk"]
[Black "Hamm, Michael"]
[Result "1-0"]
[WhiteElo "2054"]
[BlackElo "1674"]
[PlyCount "59"]
[EventDate "2008.??.??"]
[WhiteTeam "SG Meiderich/Ruhrort"]
[BlackTeam "SF Brett vor´m Kopp DU"]

1. c4 Nf6 2. Nf3 e6 3. g3 Bc5 4. Bg2 O-O 5. O-O c6 6. d4 Be7 7. Nc3 d5 8. b3 a6
9. a4 dxc4 10. bxc4 Nbd7 11. Qc2 Nb6 12. Qb3 Re8 13. Rd1 h6 14. e4 g5 15. d5
cxd5 16. cxd5 exd5 17. a5 Nbd7 18. Nxd5 Nxe4 19. Nb6 Rb8 20. Ne5 Nxe5 21. Rxd8
Rxd8 22. Bxe4 Bg4 23. Nd5 Bc5 24. Bb2 Bd6 25. Nf6+ Kf8 26. Nxg4 Nxg4 27. Qf3
Ne5 28. Qf6 Ng4 29. Qg7+ Ke7 30. Bd5 1-0

[Event "SBDU BEM 2008"]
[Site "Wohndorf Laar"]
[Date "2008.09.05"]
[Round "1.2"]
[White "Junker, Bernd"]
[Black "Leers-Fischer, Hans"]
[Result "0-1"]
[WhiteElo "1663"]
[BlackElo "1994"]
[PlyCount "90"]
[EventDate "2008.??.??"]
[WhiteTeam "SG Meiderich/Ruhrort"]
[BlackTeam "SG Meiderich/Ruhrort"]

1. d4 Nf6 2. Bf4 g6 3. Nf3 Bg7 4. e3 O-O 5. Be2 d6 6. h3 b6 7. O-O c5 8. c3 Ba6
9. Bxa6 Nxa6 10. Nbd2 b5 11. Qe2 Qb6 12. a3 Rac8 13. Rfc1 Nb8 14. Rab1 a5 15.
dxc5 dxc5 16. e4 a4 17. b4 c4 18. Be3 Qb7 19. Bd4 Nc6 20. Be3 Rfd8 21. e5 Nd5
22. Bg5 h6 23. Bh4 Nf4 24. Qe3 Nd3 25. Rc2 Ncxe5 26. Nxe5 Nxe5 27. Ne4 Rd3 28.
Qe2 Rcd8 29. Nc5 Qd5 30. f4 Rd1+ 31. Rxd1 Qxd1+ 32. Kh2 Qxe2 33. Rxe2 Nd3 34.
Rxe7 Nxc5 35. bxc5 Rc8 36. Be1 Rxc5 37. Rd7 Bf6 38. g4 Kf8 39. Bf2 Ke8 $6 40.
Rd1 $6 (40. Rd6 $1) 40... Rc7 41. Rb1 Bxc3 42. Rxb5 Bd2 43. Re5+ Kf8 44. Bc5+
Kg7 45. Rd5 Bxf4+ 0-1

[Event "SBDU BEM 2008"]
[Site "Wohndorf Laar"]
[Date "2008.09.05"]
[Round "1.3"]
[White "Heinert, Eugen"]
[Black "Plückelmann, Thomas"]
[Result "1-0"]
[WhiteElo "1965"]
[BlackElo "1652"]
[PlyCount "41"]
[EventDate "2008.??.??"]
[WhiteTeam "OSC Rheinhausen"]
[BlackTeam "SG Duisburg-Nord"]

1. d4 d5 2. Nf3 c6 3. c4 Nf6 4. e3 Bg4 5. cxd5 Bxf3 6. Qxf3 cxd5 7. Nc3 Nc6 8.
Bd3 e6 9. O-O Be7 10. Bd2 O-O 11. Qe2 Rc8 12. Rac1 a6 13. Na4 b5 14. Nc5 Qb6
15. b4 e5 16. Bf5 Rc7 17. dxe5 Nxe5 18. Bc3 Ned7 19. Nxd7 Nxd7 20. Bxd7 Rxd7
21. Qg4 1-0

[Event "SBDU BEM 2008"]
[Site "Wohndorf Laar"]
[Date "2008.09.05"]
[Round "1.4"]
[White "Hampel, Ernst"]
[Black "Zielinski, Werner"]
[Result "0-1"]
[WhiteElo "1594"]
[BlackElo "1963"]
[PlyCount "104"]
[EventDate "2008.??.??"]
[WhiteTeam "SG Duisburg-Nord"]
[BlackTeam "SG Meiderich/Ruhrort"]

1. d4 Nf6 2. c4 e6 3. Nc3 Bb4 4. a3 Bxc3+ 5. bxc3 c5 6. Nf3 Qa5 7. Qc2 cxd4 8.
Nxd4 O-O 9. e3 a6 10. Bd3 e5 11. Nb3 Qc7 12. e4 d6 13. O-O Be6 14. Nd2 Nc6 15.
Re1 Na5 16. Rb1 Rab8 17. Rb4 Rfc8 18. Qa4 Nd7 19. Re3 Nc5 20. Qc2 Nxd3 21. Qxd3
Nc6 22. Rb1 Ne7 23. Rg3 Ng6 24. Rb4 Nf4 25. Qf1 a5 26. Rb5 b6 27. Rf3 Qd7 28.
a4 Rc6 29. g3 Nh3+ 30. Kh1 Ng5 31. Re3 Bh3 32. Qd3 Ne6 33. Ba3 Nc5 34. Bxc5
dxc5 35. Qxd7 Bxd7 36. Kg2 Rd6 37. Rb2 Bxa4 38. Nb3 Rbd8 39. f4 f6 40. Kf3 Bc6
41. Ke2 Be8 42. fxe5 fxe5 43. g4 Bf7 44. Nd2 g5 45. Rf3 Be6 46. h3 Kg7 47. Ra2
Kg6 48. Rb2 h5 49. Rg3 hxg4 50. hxg4 Rh8 51. Rb1 Rh2+ 52. Ke3 Rhxd2 0-1

[Event "SBDU BEM 2008"]
[Site "Wohndorf Laar"]
[Date "2008.09.05"]
[Round "1.5"]
[White "Sauer, Andreas"]
[Black "Fabo, Stefan"]
[Result "1-0"]
[WhiteElo "1905"]
[BlackElo "1566"]
[PlyCount "93"]
[EventDate "2008.??.??"]
[WhiteTeam "SG Meiderich/Ruhrort"]
[BlackTeam "SG Duisburg-Nord"]

1. d4 Nf6 2. c4 g6 3. Nc3 Bg7 4. e4 d6 5. Be2 O-O 6. Bg5 h6 7. Be3 e5 8. d5
Nbd7 9. Qd2 Kh7 10. g4 Nc5 11. f3 Ng8 12. h4 Bd7 13. h5 g5 14. Nh3 Bf6 15. Nf2
c6 16. b4 Na6 17. dxc6 bxc6 18. a3 Qe7 19. c5 Nb8 20. cxd6 Qe6 21. O-O Rd8 22.
Bc5 Bc8 23. Rfd1 Bg7 24. b5 Nd7 25. Bb4 Bb7 26. Rac1 c5 27. Ba5 Nb6 28. Nb1
Rac8 29. Nh1 Bf8 30. Ng3 Rxd6 31. Qb2 Rxd1+ 32. Rxd1 Nc4 33. Bxc4 Qxc4 34. Qxe5
Bg7 35. Qf5+ Kh8 36. Qd7 Qa4 37. Bc3 Bd4+ 38. Bxd4+ cxd4 39. Rxd4 Rc1+ 40. Nf1
Qb3 41. Nbd2 Bc8 42. Nxb3 Bxd7 43. Nxc1 Bxb5 44. Rb4 a6 45. a4 Bd7 46. Nd3 Nf6
47. Nc5 1-0

[Event "SBDU BEM 2008"]
[Site "Wohndorf Laar"]
[Date "2008.09.05"]
[Round "1.6"]
[White "Hoppe, Norbert"]
[Black "Meinert, Thomas"]
[Result "1-0"]
[WhiteElo "1477"]
[BlackElo "1892"]
[PlyCount "101"]
[EventDate "2008.??.??"]
[WhiteTeam "SG Meiderich/Ruhrort"]
[BlackTeam "SG Meiderich/Ruhrort"]

1. e4 c5 2. Nf3 Nc6 3. d4 cxd4 4. Nxd4 e5 5. Nb5 a6 6. Nd6+ Bxd6 7. Qxd6 Qf6 8.
Qc7 Nge7 9. Nc3 Qg6 10. Be3 O-O 11. Bd3 b5 12. Nd5 Nxd5 13. exd5 Qxg2 14. O-O-O
Nb4 15. Qxe5 Nxd3+ 16. cxd3 Bb7 17. Rhg1 f6 18. Qe7 Rf7 19. Qxf7+ Kxf7 20. Rxg2
Bxd5 21. Rgg1 Bxa2 22. Kd2 Bd5 23. Rc1 a5 24. Rc5 Bc6 25. Rgc1 Ra6 26. d4 Ke6
27. d5+ Bxd5 28. Rxb5 Bc6 29. Rb6 Ra8 30. Rbxc6+ dxc6 31. Rxc6+ Kd7 32. Rb6 Kc7
33. Kc3 f5 34. Rb5 f4 35. Bxf4+ Kc6 36. Rb8 Ra7 37. Rc8+ Kd5 38. Rc7 Ra6 39.
Rxg7 Ke4 40. Be3 a4 41. Rxh7 a3 42. bxa3 Rxa3+ 43. Kb4 Rd3 44. h4 Kf5 45. h5
Rd5 46. h6 Kf6 47. Rg7 Rh5 48. Bd4+ Kf5 49. h7 Ke4 50. Rd7 Rh4 51. h8=Q 1-0

[Event "SBDU BEM 2008"]
[Site "Wohndorf Laar"]
[Date "2008.09.05"]
[Round "1.7"]
[White "Grigat, Klaus-Dieter"]
[Black "Imbierowicz, Dirk"]
[Result "1-0"]
[WhiteElo "1831"]
[BlackElo "1452"]
[PlyCount "61"]
[EventDate "2008.??.??"]
[WhiteTeam "SG Meiderich/Ruhrort"]
[BlackTeam "OSC Rheinhausen"]

1. e4 e5 2. Nc3 Nf6 3. Nf3 Nc6 4. Bc4 h6 5. d4 exd4 6. Nxd4 Ne5 7. Bb3 d6 8. f3
Be7 9. Be3 a6 10. a3 c5 11. Nde2 Be6 12. Nd5 Nxd5 13. Bxd5 Bxd5 14. Qxd5 Qc7
15. Ng3 O-O 16. Nf5 b6 17. Rd1 Rad8 18. Ke2 Rfe8 19. g4 Qd7 20. b3 Qc6 21. h4
Qxd5 22. Rxd5 Bf8 23. Rhd1 Re6 24. Bf4 f6 25. g5 h5 26. gxf6 gxf6 27. Rg1+ Kh7
28. Ng3 Ng6 29. Rxh5+ Kg8 30. Nf5 Kf7 31. Rh7+ 1-0

[Event "SBDU BEM 2008"]
[Site "Wohndorf Laar"]
[Date "2008.09.05"]
[Round "1.8"]
[White "Scharrenbroich, Torsten"]
[Black "Germann, Norbert"]
[Result "0-1"]
[WhiteElo "1431"]
[BlackElo "1802"]
[PlyCount "48"]
[EventDate "2008.??.??"]
[WhiteTeam "SG Meiderich/Ruhrort"]
[BlackTeam "SF Brett vor´m Kopp DU"]

1. e4 c5 2. Nf3 e6 3. d4 cxd4 4. Nxd4 Nc6 5. Nb3 a6 6. Be2 Qc7 7. O-O b5 8. a3
Nf6 9. Nc3 Be7 10. Be3 O-O 11. f4 d6 12. Bf3 Bb7 13. Nd2 Na5 14. Qe1 Rac8 15.
Qf2 Nd7 16. Rac1 Bf6 17. e5 dxe5 18. fxe5 Bxe5 19. Nde4 Nc4 20. Nc5 Nxc5 21.
Bxc5 Bxh2+ 22. Kh1 Bg3 23. Qe2 Qf4 24. Bxb7 Qh4+ 0-1

[Event "SBDU BEM 2008"]
[Site "Wohndorf Laar"]
[Date "2008.09.05"]
[Round "1.9"]
[White "Hamm, Siegfried"]
[Black "Kohlhause, Dirk"]
[Result "1-0"]
[WhiteElo "1733"]
[BlackElo "1363"]
[PlyCount "37"]
[EventDate "2008.??.??"]
[WhiteTeam "OSC Rheinhausen"]
[BlackTeam "SG Meiderich/Ruhrort"]

1. e4 c5 2. d4 cxd4 3. c3 dxc3 4. Nxc3 e5 5. Nf3 Nc6 6. Bc4 Bb4 7. O-O Bxc3 8.
bxc3 Nf6 9. Ba3 Qa5 10. Qb3 Nd8 11. Bb4 Qc7 12. Rfe1 Ne6 13. Rad1 d5 14. exd5
Nc5 15. Bxc5 Qxc5 16. Rxe5+ Kd8 17. d6 Qc6 18. Bb5 Qb6 19. Qxf7 1-0

[Event "SBDU BEM 2008"]
[Site "Wohndorf Laar"]
[Date "2008.09.05"]
[Round "1.10"]
[White "Hufnagel, Markus"]
[Black "Halfmann, Peter"]
[Result "0-1"]
[WhiteElo "1298"]
[BlackElo "1718"]
[PlyCount "74"]
[EventDate "2008.??.??"]
[WhiteTeam "SF Brett vor´m Kopp DU"]
[BlackTeam "OSC Rheinhausen"]

1. c4 c6 2. d4 d5 3. e3 e6 4. Nc3 Nf6 5. Nf3 Nbd7 6. Be2 dxc4 7. Bxc4 b5 8. Bd3
b4 9. Ne2 c5 10. O-O cxd4 11. exd4 Be7 12. Qc2 Bb7 13. Ne5 Nxe5 14. dxe5 Qd5
15. f3 Nd7 16. Be4 Qc5+ 17. Qxc5 Bxc5+ 18. Kh1 Bxe4 19. fxe4 Nxe5 20. h3 Nd3
21. b3 O-O 22. Rf3 Nf2+ 23. Kh2 Nxe4 24. Bb2 Rfd8 25. Ng3 Bd6 26. Raf1 Nxg3 27.
Re1 Nf5+ 28. Kh1 Bg3 29. Ref1 Rd5 30. h4 Rad8 31. Kg1 Rd1 32. Bc1 Rxf1+ 33.
Rxf1 h5 34. Bg5 f6 35. Bc1 Rd3 36. Kh1 Nxh4 37. Bf4 Nf5 0-1

[Event "SBDU BEM 2008"]
[Site "Wohndorf Laar"]
[Date "2008.09.05"]
[Round "1.11"]
[White "Waschkewitz, Stefan"]
[Black "Bajonczak, Helmut"]
[Result "1-0"]
[WhiteElo "1702"]
[BlackElo "1269"]
[PlyCount "63"]
[EventDate "2008.??.??"]
[WhiteTeam "SG Duisburg-Nord"]
[BlackTeam "OSC Rheinhausen"]

1. Nc3 d5 2. e4 e6 3. Nf3 Nc6 4. Be2 d4 5. Nb5 a6 6. Na3 e5 7. d3 h6 8. O-O Nf6
9. Nc4 Bd6 10. Nxd6+ Qxd6 11. Nh4 Ne7 12. f4 Be6 13. fxe5 Qxe5 14. Bf4 Qc5 15.
Nf3 Nd7 16. Kh1 g5 17. Bg3 Ng6 18. Bf2 O-O 19. Nxd4 Qe7 20. Bg3 Nde5 21. Nxe6
fxe6 22. Rxf8+ Rxf8 23. d4 Nc6 24. Bc4 Kh7 25. c3 Rd8 26. e5 Na5 27. Bd3 b5 28.
Qh5 Rg8 29. Rf1 Nc4 30. Rf6 Qe8 31. h4 gxh4 32. Bf4 1-0

[Event "SBDU BEM 2008"]
[Site "Wohndorf Laar"]
[Date "2008.09.05"]
[Round "1.12"]
[White "Straub, Peter"]
[Black "Duda, Karl-Heinz"]
[Result "0-1"]
[WhiteElo "1035"]
[BlackElo "1677"]
[PlyCount "90"]
[EventDate "2008.??.??"]
[WhiteTeam "SG Meiderich/Ruhrort"]
[BlackTeam "SG Meiderich/Ruhrort"]

1. e4 e6 2. Nc3 d5 3. d3 c5 4. b3 Nc6 5. Nf3 Be7 6. e5 d4 7. Ne4 b6 8. Bd2 Qc7
9. Nd6+ Bxd6 10. exd6 Qxd6 11. c3 e5 12. c4 Bf5 13. Nh4 Be6 14. Nf3 h6 15. h3
Nf6 16. Qe2 O-O 17. Nh2 Rfe8 18. O-O-O a5 19. a3 a4 20. Kb2 axb3 21. Ra1 Bf5
22. Kxb3 Qd7 23. g4 Be6 24. Bg2 Rab8 25. a4 b5 26. a5 bxc4+ 27. Kc2 c3 28. Bc1
Bb3+ 29. Kb1 Bd1+ 30. Qb2 cxb2 31. Bxb2 Be2 32. Kc1 Bxd3 33. a6 Na7 34. Ra5 Qc7
35. Ra3 Qb6 36. Rxd3 Qxb2+ 37. Kd1 Qa1+ 38. Ke2 Rb2+ 39. Rd2 Rxd2+ 40. Kxd2
Qc3+ 41. Kd1 Rb8 42. Nf3 Rb1+ 43. Ke2 Rb2+ 44. Kf1 Qc2 45. Kg1 Qxf2+ 0-1

[Event "SBDU BEM 2008"]
[Site "Wohndorf Laar"]
[Date "2008.09.19"]
[Round "2.1"]
[White "Germann, Norbert"]
[Black "Visser, Dirk"]
[Result "0-1"]
[WhiteElo "1802"]
[BlackElo "2054"]
[PlyCount "48"]
[EventDate "2008.??.??"]
[WhiteTeam "SF Brett vor´m Kopp DU"]
[BlackTeam "SG Meiderich/Ruhrort"]

1. d4 g6 2. c4 Bg7 3. Nf3 d6 4. e4 Nf6 5. Nc3 O-O 6. h3 c5 7. d5 e6 8. Bd3 exd5
9. cxd5 b5 10. Bxb5 Nxe4 11. O-O Nxc3 12. bxc3 Bxc3 13. Rb1 Bg7 14. Bf4 Bf5 15.
Bd3 Bxd3 16. Qxd3 Qc7 17. Rfe1 Nd7 18. Qa6 Nb6 19. a4 Rfd8 20. Red1 Qc8 21. Qb5
Qf5 22. Bg5 f6 23. Bd2 Qxd5 24. Bf4 Qe6 0-1

[Event "SBDU BEM 2008"]
[Site "Wohndorf Laar"]
[Date "2008.09.19"]
[Round "2.2"]
[White "Leers-Fischer, Hans"]
[Black "Hamm, Siegfried"]
[Result "1-0"]
[WhiteElo "1994"]
[BlackElo "1733"]
[PlyCount "41"]
[EventDate "2008.??.??"]
[WhiteTeam "SG Meiderich/Ruhrort"]
[BlackTeam "OSC Rheinhausen"]

1. Nf3 f5 2. e4 fxe4 3. Ng5 Nf6 4. d3 d5 5. dxe4 h6 6. Nf3 dxe4 7. Qxd8+ Kxd8
8. Ne5 Be6 9. Nc3 Nbd7 10. Bf4 g5 11. Bg3 c6 12. O-O-O Ke8 13. Be2 Bg7 14. Rhe1
a5 15. Nxe4 g4 16. Nxf6+ Bxf6 17. Nxg4 Bxa2 18. Nxf6+ Nxf6 19. b3 Nd5 20. Kb2
a4 21. Be5 1-0

[Event "SBDU BEM 2008"]
[Site "Wohndorf Laar"]
[Date "2008.09.19"]
[Round "2.4"]
[White "Zielinski, Werner"]
[Black "Waschkewitz, Stefan"]
[Result "0-1"]
[WhiteElo "1963"]
[BlackElo "1702"]
[PlyCount "98"]
[EventDate "2008.??.??"]
[WhiteTeam "SG Meiderich/Ruhrort"]
[BlackTeam "SG Duisburg-Nord"]

1. d4 g6 2. c4 Bg7 3. e4 d6 4. Nc3 Nd7 5. Nf3 e5 6. Be3 c5 7. dxc5 dxc5 8. Qc2
Ngf6 9. O-O-O Qe7 10. Be2 Nb6 11. Kb1 O-O 12. h3 Bd7 13. g4 Rfc8 14. Nd2 a5 15.
g5 Ne8 16. h4 Nd6 17. Nb3 Na4 18. Nd5 Qe6 19. Rhg1 Qe8 20. Nd2 b5 21. cxb5 Nxb5
22. Nc4 Rab8 23. Ka1 Nd4 24. Qd2 Rc6 25. b3 Rxb3 26. Bxd4 exd4 27. axb3 d3+ 28.
Ka2 dxe2 29. Qxe2 Nc3+ {(=)} 30. Nxc3 Bxc3 31. h5 Bd4 32. hxg6 fxg6 33. Rh1 Be6
34. f3 Qf7 35. Rc1 Ra6 36. Rhd1 a4 37. b4 Rb6 38. Ka3 cxb4+ 39. Kxa4 Qa7+ 40.
Na5 Bc3 41. Qe3 Bd7+ 42. Kb3 Qxa5 43. Rxd7 Qa3+ 44. Kc4 Rc6+ 45. Kd5 Rc8 46. e5
Qa8+ 47. Ke6 Re8+ 48. Kd6 Qa6+ 49. Kd5 Qe6+ 0-1

[Event "SBDU BEM 2008"]
[Site "Wohndorf Laar"]
[Date "2008.09.19"]
[Round "2.5"]
[White "Duda, Karl-Heinz"]
[Black "Sauer, Andreas"]
[Result "0-1"]
[WhiteElo "1677"]
[BlackElo "1905"]
[PlyCount "74"]
[EventDate "2008.??.??"]
[WhiteTeam "SG Meiderich/Ruhrort"]
[BlackTeam "SG Meiderich/Ruhrort"]

1. c4 b6 2. Nf3 Bb7 3. g3 e6 4. Bg2 Nf6 5. Nc3 Be7 6. O-O O-O 7. d4 d5 8. b3
Nc6 9. a3 dxc4 10. bxc4 Na5 11. Qd3 c5 12. e3 Rc8 13. Ne5 Bxg2 14. Kxg2 cxd4
15. exd4 Nb3 16. Rb1 Qxd4 17. Qxd4 Nxd4 18. Rd1 Rfd8 19. Nb5 Nc6 20. Rxd8+ Bxd8
21. Nxc6 Rxc6 22. Nxa7 Rxc4 23. Nb5 Be7 24. Bg5 h6 25. Bxf6 Bxf6 26. Nd6 Rc6
27. Nb5 e5 28. Rb3 Be7 29. Nc3 Bc5 30. Ne4 Bd4 31. Rd3 f5 32. Nd2 Rc2 33. Kf1
Kf7 34. f4 Bc3 35. Ke1 Bxd2+ 36. Rxd2 Rxd2 37. Kxd2 e4 0-1

[Event "SBDU BEM 2008"]
[Site "Wohndorf Laar"]
[Date "2008.09.12"]
[Round "2.6"]
[White "Hoppe, Norbert"]
[Black "Grigat, Klaus-Dieter"]
[Result "1-0"]
[WhiteElo "1477"]
[BlackElo "1831"]
[PlyCount "57"]
[EventDate "2008.??.??"]
[WhiteTeam "SG Meiderich/Ruhrort"]
[BlackTeam "SG Meiderich/Ruhrort"]

1. e4 g6 2. d4 Bg7 3. Nf3 d6 4. h3 c6 5. a4 Nf6 6. Nc3 Nbd7 7. Be3 O-O 8. Qd2
c5 9. Be2 cxd4 10. Nxd4 Nc5 11. Bf3 Bd7 12. O-O Rc8 13. Rfd1 b6 14. Qe1 Qe8 15.
a5 Qd8 16. axb6 Qxb6 17. Nb3 Bc6 18. e5 Nfd7 19. exd6 Bxf3 20. dxe7 Bxd1 21.
exf8=Q+ Bxf8 22. Rxd1 Qb8 23. Qd2 Nxb3 24. cxb3 Nc5 25. Qd5 Ne6 26. Ne4 Rd8 $4
(26... Bg7) 27. Nf6+ Kg7 28. Nd7 Qb4 29. Qe5+ 1-0

[Event "SBDU BEM 2008"]
[Site "Wohndorf Laar"]
[Date "2008.09.19"]
[Round "2.7"]
[White "Meinert, Thomas"]
[Black "Imbierowicz, Dirk"]
[Result "1-0"]
[WhiteElo "1892"]
[BlackElo "1452"]
[PlyCount "55"]
[EventDate "2008.??.??"]
[WhiteTeam "SG Meiderich/Ruhrort"]
[BlackTeam "OSC Rheinhausen"]

1. d4 d5 2. c4 e6 3. Nc3 Nf6 4. Bg5 Be7 5. Nf3 c6 6. e3 Nbd7 7. Be2 O-O 8. O-O
Ne8 9. Bf4 Bd6 10. c5 Bxf4 11. exf4 b6 12. b4 b5 13. a4 Bb7 14. axb5 cxb5 15.
Bxb5 Qc7 16. Bxd7 Qxd7 17. Ne5 Qc8 18. b5 f6 19. Nd3 Qb8 20. Qb3 Nc7 21. Ra3
Bc8 22. Rb1 e5 23. fxe5 fxe5 24. Nxe5 Be6 25. b6 axb6 26. cxb6 Rxa3 27. Qxa3
Ne8 28. b7 1-0

[Event "SBDU BEM 2008"]
[Site "Wohndorf Laar"]
[Date "2008.09.19"]
[Round "2.8"]
[White "Hamm, Michael"]
[Black "Scharrenbroich, Torsten"]
[Result "1/2-1/2"]
[WhiteElo "1674"]
[BlackElo "1431"]
[PlyCount "65"]
[EventDate "2008.??.??"]
[WhiteTeam "SF Brett vor´m Kopp DU"]
[BlackTeam "SG Meiderich/Ruhrort"]

1. e4 c5 2. Nf3 d6 3. e5 Nc6 4. Bb5 Bg4 5. Bxc6+ bxc6 6. exd6 exd6 7. Qe2+ Be7
8. Qe4 Bxf3 9. Qxf3 d5 10. d3 Nf6 11. Qg3 O-O 12. Bh6 Nh5 13. Qg4 Qd6 14. Qxh5
Qxh6 15. Qxh6 gxh6 16. Nd2 f5 17. O-O-O Bg5 18. h4 Bxd2+ 19. Kxd2 d4 20. Rde1
Rae8 21. b3 Kf7 22. Rxe8 Rxe8 23. Re1 Rxe1 24. Kxe1 Ke6 25. Ke2 f4 26. Kf3 Kf5
27. g3 fxg3 28. Kxg3 h5 29. a4 a5 30. f4 Kf6 31. Kf3 Kf5 32. Kg3 Kf6 33. Kf3
1/2-1/2

[Event "SBDU BEM 2008"]
[Site "Wohndorf Laar"]
[Date "2008.09.17"]
[Round "2.9"]
[White "Kohlhause, Dirk"]
[Black "Junker, Bernd"]
[Result "0-1"]
[WhiteElo "1363"]
[BlackElo "1663"]
[PlyCount "64"]
[EventDate "2008.??.??"]
[WhiteTeam "SG Meiderich/Ruhrort"]
[BlackTeam "SG Meiderich/Ruhrort"]

1. c4 e6 2. d4 d5 3. Nf3 Nf6 4. Bg5 Be7 5. Nc3 h6 6. Bh4 O-O 7. e3 c6 8. Bd3
Nbd7 9. c5 b6 10. b4 b5 11. a4 bxa4 12. Qxa4 Bb7 13. O-O a6 14. Bg3 Nh5 15.
Rfb1 Nxg3 16. fxg3 Qc7 17. Qa5 Qb8 18. Qa2 e5 19. e4 exd4 20. Nxd4 Bf6 21. Qf2
Qe5 22. Nce2 dxe4 23. Bc4 Qe8 24. Ra2 Ne5 25. Bb3 Nd3 26. Qf5 Bc8 27. Qf1 Qd7
28. Nc2 Rb8 29. Rd1 Qe7 30. Ned4 Bxd4+ 31. Nxd4 Rxb4 32. Nxc6 Qxc5+ 0-1

[Event "SBDU BEM 2008"]
[Site "Wohndorf Laar"]
[Date "2008.09.19"]
[Round "2.10"]
[White "Plückelmann, Thomas"]
[Black "Hufnagel, Markus"]
[Result "1-0"]
[WhiteElo "1652"]
[BlackElo "1298"]
[PlyCount "91"]
[EventDate "2008.??.??"]
[WhiteTeam "SG Duisburg-Nord"]
[BlackTeam "SF Brett vor´m Kopp DU"]

1. d4 d5 2. c4 e6 3. Nc3 Nf6 4. cxd5 exd5 5. Bg5 Be7 6. Qc2 O-O 7. e3 Nbd7 8.
Bd3 g6 9. Nf3 b6 10. O-O c5 11. b3 Rb8 12. Rfd1 Kg7 13. Be2 Bb7 14. Rac1 Qc7
15. Bf4 Bd6 16. Nb5 Bxf4 17. Nxc7 Bxc7 18. h3 Bd6 19. Qb2 a6 20. Ne5 Rbd8 21.
Nxd7 Rxd7 22. dxc5 bxc5 23. Bf3 Rc7 24. Bxd5 Bxd5 25. Rxd5 Rd7 26. Rcxc5 Rfd8
27. Ra5 h5 28. Rxa6 Be7 29. Rxd7 Rxd7 30. f3 Rd3 31. Kf2 Rd5 32. Ke2 Rg5 33.
Kf2 Rd5 34. b4 Kf8 35. Ra8+ Kg7 36. b5 Rd7 37. a4 Bc5 38. Ra6 Be7 39. Rc6 Ra7
40. Ra6 Rb7 41. a5 Kh6 42. Rxf6 Bxf6 43. Qxf6 Rxb5 44. Qa1 Rb7 45. a6 Ra7 46.
Qa5 1-0

[Event "SBDU BEM 2008"]
[Site "Wohndorf Laar"]
[Date "2008.09.19"]
[Round "2.11"]
[White "Bajonczak, Helmut"]
[Black "Hampel, Ernst"]
[Result "0-1"]
[WhiteElo "1269"]
[BlackElo "1594"]
[PlyCount "78"]
[EventDate "2008.??.??"]
[WhiteTeam "OSC Rheinhausen"]
[BlackTeam "SG Duisburg-Nord"]

1. d3 d5 2. Nf3 Nf6 3. g3 Bg4 4. Bg2 Nbd7 5. d4 e6 6. O-O c5 7. c3 cxd4 8. cxd4
Bd6 9. Nc3 a6 10. h3 Bh5 11. Qc2 Rc8 12. Bd2 Ne4 13. Nxe4 Rxc2 14. Nxd6+ Ke7
15. Nxb7 Qb6 16. Nc5 Bxf3 17. Bg5+ f6 18. Nxd7 Kxd7 19. Bxf3 fxg5 20. Rfd1 Rhc8
21. e3 Qxb2 22. Rf1 Rc1 23. Raxc1 Rxc1 24. Bg2 Rxf1+ 25. Bxf1 Qxa2 26. f4 gxf4
27. gxf4 a5 28. h4 Qd2 29. Kh1 Qxe3 30. f5 exf5 31. h5 Qxd4 32. Kg2 Qg4+ 33.
Kh1 Qxh5+ 34. Kg1 a4 35. Bb5+ Kd6 36. Bf1 a3 37. Bg2 a2 38. Bf1 a1=Q 39. Kg2
Qb2+ 0-1

[Event "SBDU BEM 2008"]
[Site "Wohndorf Laar"]
[Date "2008.09.19"]
[Round "2.12"]
[White "Fabo, Stefan"]
[Black "Straub, Peter"]
[Result "1-0"]
[WhiteElo "1566"]
[BlackElo "1035"]
[PlyCount "75"]
[EventDate "2008.??.??"]
[WhiteTeam "SG Duisburg-Nord"]
[BlackTeam "SG Meiderich/Ruhrort"]

1. c4 c5 2. b3 Nc6 3. Bb2 d6 4. e3 e5 5. d3 g6 6. Nd2 Bg7 7. a3 a5 8. Ngf3 h5
9. Be2 Nh6 10. h3 h4 11. Qc2 f5 12. O-O-O O-O 13. Rdg1 Qe7 14. g3 Be6 15. Nxh4
Rf6 16. g4 fxg4 17. Ne4 gxh3 18. Nxg6 Qd7 19. Nxf6+ Bxf6 20. Nxe5+ Qg7 21.
Rxg7+ Bxg7 22. Nxc6 bxc6 23. Bxg7 Kxg7 24. Qc3+ Kf7 25. Bh5+ Ke7 26. Qg7+ Nf7
27. Rxh3 d5 28. Rf3 Rf8 29. Qf6+ Kd7 30. Qc3 Rh8 31. Bxf7 Rh1+ 32. Kd2 Bg4 33.
Be6+ Bxe6 34. Qg7+ Kd6 35. Qf8+ Ke5 36. Qxc5 Rh7 37. d4+ Ke4 38. Rf4# 1-0

[Event "SBDU BEM 2008"]
[Site "Wohndorf Laar"]
[Date "2008.10.10"]
[Round "3.1"]
[White "Visser, Dirk"]
[Black "Halfmann, Peter"]
[Result "1-0"]
[WhiteElo "2054"]
[BlackElo "1718"]
[PlyCount "75"]
[EventDate "2008.??.??"]
[WhiteTeam "SG Meiderich/Ruhrort"]
[BlackTeam "OSC Rheinhausen"]

1. Nf3 d5 2. g3 g6 3. Bg2 Bg7 4. O-O e5 5. d3 Ne7 6. c4 c6 7. Na3 O-O 8. Rb1 a5
9. Bd2 Bd7 10. cxd5 cxd5 11. e3 Qb6 12. Bc3 Nbc6 13. d4 exd4 14. Nxd4 Nxd4 15.
exd4 Bc6 16. Qd2 Qa6 17. Nc2 b5 18. a3 Qb6 19. Rfe1 Nc8 20. Qf4 Rd8 21. Rbd1
Ra7 22. b3 h6 23. h4 Qb7 24. Qd2 Qc7 25. Ne3 Ne7 26. Re2 Kf8 27. Rde1 Rd7 28.
Bh3 f5 29. h5 Kf7 30. hxg6+ Kxg6 31. Qd3 Rd8 32. Nxf5 Ng8 33. Ne7+ Kf7 34. Qg6+
Kf8 35. Nxc6 Nf6 36. Nxd8 Qxc3 37. Re8+ Nxe8 38. Rxe8# 1-0

[Event "SBDU BEM 2008"]
[Site "Wohndorf Laar"]
[Date "2008.09.30"]
[Round "3.2"]
[White "Waschkewitz, Stefan"]
[Black "Leers-Fischer, Hans"]
[Result "0-1"]
[WhiteElo "1702"]
[BlackElo "1994"]
[PlyCount "52"]
[EventDate "2008.??.??"]
[WhiteTeam "SG Duisburg-Nord"]
[BlackTeam "SG Meiderich/Ruhrort"]

1. Nc3 Nf6 2. Nf3 g6 3. d4 Bg7 4. Bg5 c5 5. h4 cxd4 6. Qxd4 h6 7. Bxf6 Bxf6 8.
Qd2 Qa5 9. e4 Bxc3 10. bxc3 O-O 11. Bc4 Kg7 12. Rb1 a6 13. h5 g5 14. O-O Nc6
15. Nh2 d6 16. f4 Qc5+ 17. Kh1 Qxc4 18. fxg5 Ne5 19. gxh6+ Kh7 20. Qg5 Rg8 21.
Qxe7 Qe6 22. Qh4 Qxa2 23. Rbd1 Qxc2 24. Rg1 Be6 25. Rxd6 Rae8 26. Qf4 Nd3 0-1

[Event "SBDU BEM 2008"]
[Site "Wohndorf Laar"]
[Date "2008.10.10"]
[Round "3.3"]
[White "Sauer, Andreas"]
[Black "Hoppe, Norbert"]
[Result "1-0"]
[WhiteElo "1905"]
[BlackElo "1477"]
[PlyCount "39"]
[EventDate "2008.??.??"]
[WhiteTeam "SG Meiderich/Ruhrort"]
[BlackTeam "SG Meiderich/Ruhrort"]

1. d4 Nf6 2. c4 e6 3. Nc3 d5 4. Bg5 Nbd7 5. e3 Be7 6. Rc1 h6 7. Bh4 O-O 8. Nf3
b6 9. cxd5 Nxd5 10. Nxd5 exd5 11. Bxe7 Qxe7 12. Rxc7 Qd6 13. Rc1 f5 14. Bd3 f4
15. O-O Nf6 16. Ne5 Ne4 17. Rc6 Qd8 18. Qc2 Qg5 19. Rg6 Qh5 20. Qc7 1-0

[Event "SBDU BEM 2008"]
[Site "Wohndorf Laar"]
[Date "2008.10.10"]
[Round "3.4"]
[White "Heinert, Eugen"]
[Black "Duda, Karl-Heinz"]
[Result "1-0"]
[WhiteElo "1965"]
[BlackElo "1677"]
[PlyCount "91"]
[EventDate "2008.??.??"]
[WhiteTeam "OSC Rheinhausen"]
[BlackTeam "SG Meiderich/Ruhrort"]

1. d4 d5 2. Nf3 e6 3. c4 Nf6 4. g3 dxc4 5. Qa4+ Nc6 6. Bg2 Bd7 7. Qxc4 Be7 8.
O-O a6 9. Nc3 Rb8 10. Bd2 b5 11. Qd3 Nb4 12. Qb1 Nbd5 13. Nxd5 Nxd5 14. a3 c5
15. e4 Nf6 16. dxc5 Bxc5 17. b4 Be7 18. Bf4 Rc8 19. Rd1 Qb6 20. Ne5 Bc6 21.
Nxc6 Qxc6 22. e5 Nd5 23. Rc1 Qd7 24. Rxc8+ Qxc8 25. Bxd5 exd5 26. Qd3 Qc4 27.
Rd1 O-O 28. Qxd5 Qc8 29. Qd7 Rd8 30. Qxc8 Rxc8 31. Rd7 Bf8 32. Ra7 Rc6 33. Ra8
f6 34. exf6 Rxf6 35. Be5 Re6 36. f4 Kf7 37. Kf2 g6 38. Kf3 h5 39. Rc8 Re8 40.
Rxe8 Kxe8 41. Ke4 Ke7 42. f5 gxf5+ 43. Kxf5 Bh6 44. Bf4 Bg7 45. Bc1 Bf6 46. Bg5
1-0